Book Title-Author Mix Quiz Stats

 Plays Quiz Updated Jan 29, 2016

Challenge
Share
Tweet
Score 0/32 Timer 04:00
0 Plays Today
% Correct
The Great Fitzgerald
97.6%
50 Shades of James
97.4%
The Catcher in the Salinger
97.2%
The Adventures of Tom Twain
97.1%
Moby Melville
96%
The Old Man Hemingway
95.9%
King Shakespeare
95.5%
The Grapes of Steinbeck
95.2%
Lord of the Golding
94%
Don de Cervantes
92.5%
Pippi Lindgren
91.2%
The Call of London
90.2%
Mrs. Woolf
90.2%
The Maltese Hammett
86.2%
The Brothers Dostoevsky
85%
Watership Adams
83.9%
% Correct
Atlas Rand
83.3%
Madame Flaubert
83.1%
Tropic of Miller
83%
The Death of Ivan Tolstoy
82%
Absalom Faulkner
81.7%
Heart of Conrad
81.5%
The Dead King
77.8%
The World According to Irving
76.2%
I, Graves
73.2%
The Naked and the Mailer
72.2%
Zorba Kazantzakis
71.4%
Goodnight Brown
66.5%
Tobacco Caldwell
63%
The Magnificent Tarkington
49.9%
Under the Lowry
49.5%
The Sheltering Bowles
44.8%

You're not logged in!

Compare scores with friends on all Sporcle quizzes.
Join for Free
OR
Log In

You Might Also Like...

Show Comments

Extras

Top Quizzes Today


Score Distribution

Your Account Isn't Verified!

In order to create a playlist on Sporcle, you need to verify the email address you used during registration. Go to your Sporcle Settings to finish the process.

Report this User

Report this user for behavior that violates our Community Guidelines.

Details: